Condicionantes culturales y sociales de las políticas de erradicación de la pobreza

Guardat en:
Dades bibliogràfiques
Autor principal: Cortázar, René (Autor)
Autor corporatiu: CIEPLAN (Autor), Corporación de Investigaciones Económicas para Latinoamérica (Autor)
Altres autors: Moreno Beauchemin, Ernesto (autor), Pizarro Contador, Crisóstomo (autor)
Format: Llibre
Idioma:espanyol
Publicat: Santiago CIEPLAN 1976
Col·lecció:Estudios CIEPLAN, 4
Matèries:
Etiquetes: Afegir etiqueta
Sense etiquetes, Sigues el primer a etiquetar aquest registre!

MARC

LEADER 00000nam a2200000 a 4500
001 UCQ1310
003 CL-VaPUC
008 980709e19760000CL |||||||||||||||||spa|d
082 0 4 |a 362.5  |b COR  |2 21 
100 0 |a Cortázar, René  |e author  |9 415069 
700 |a Moreno Beauchemin, Ernesto  |e autor  |9 340717 
700 |a Pizarro Contador, Crisóstomo  |e autor  |9 605677 
110 2 |a CIEPLAN  |e author  |9 415072 
710 2 |a Corporación de Investigaciones Económicas para Latinoamérica  |e author  |9 415073 
245 1 0 |a Condicionantes culturales y sociales de las políticas de erradicación de la pobreza 
300 |a 46 p 
942 |c BK 
945 |d 19980709 00:00:00  |a crobeson 
260 |a Santiago  |b CIEPLAN  |c 1976 
650 0 |a Pobreza  |9 258652 
650 0 |a Política económica   |9 255029 
650 0 |a Problemas sociales  |9 258537 
650 7 |a POBRES  |2 CL-VaPUC  |9 311341 
651 7 |a CHILE  |2 CL-VaPUC  |9 415074 
583 |a last modification  |c 19980709 00:00:00  |k Rodrigo Vera 
490 0 |a Estudios CIEPLAN, 4 
999 |c 272312  |d 272310 
952 |0 0  |1 0  |4 0  |6 362_500000000000000_COR_1976  |7 0  |8 A  |9 307208  |a BIBENE  |b BIBENE  |d 2019-11-20  |i 1435221  |o 362.5 COR 1976  |p 1435221  |r 2025-01-15  |w 2019-11-20  |y BK  |k ICO